Quizzes
Events
Quiz Creation
Community
Videos
Private Events
Remove Ads
Sign In
Join for FREE
Feedback
Dark Mode
Quiz Categories
Sports
Geography
Music
Movies
Television
Just For Fun
Miscellaneous
History
Literature
Language
Science
Gaming
Entertainment
Religion
Holiday
For Kids
Quiz Lab
Recent
Popular Today
Quiz Kudos Today
Editor Picks
Curator Picks
Quizzes by...
Day
Popularity
Type
Ratings
Length
Year
Community
Subscriptions
Recent Discussions
Orange Saloon
Badges
Playlists
Quests
Create
Leaderboards
Showdown
Live 5
Trivia Bingo
Activity
Puzzle Library
Sporcle Events
Private Events
Virtual Trivia
Globe League
Become a Host
Pub Owners
SporcleCon
Opinionation
Our Games
Videos
Blog
Mobile Apps
Partnerships
Remove Ads and Go Orange
Feedback
Music
Pop Music
The Beatles
Song
Album
Lyrics
Bands
Singers
Artist
Clip
Rock
Rap
Classical
Billboard
Country Music
Kpop
Taylor Swift
Music
Pop Music
The Beatles
Song
Album
Lyrics
Bands
Singers
Artist
Clip
Rock
Rap
Classical
Billboard
Country Music
Kpop
Taylor Swift
Random Quiz
Search Sporcle
×
Quiz Lab
Quiz Lab
Music
Song
Type answers based on single images at one time
Type answers based on single images at one time
Slideshow
Best Score? Go Orange.
Beyoncé Videography Stats
Can you name ALL of Beyoncé's singles from their music videos?
By
hopalcirace
11m
80 Questions
298 Plays
298 Plays
298 Plays
Comments
Comments
Give Quiz Kudos
Give Quiz Kudos
-
- Ratings
hide this ad
Replay
Link that replays current quiz
Next Quiz
Link to next quiz in quiz playlist
You Got
0%
They Got
Avg Score
46%
Avg Friend Score
Upgrade to see
Score Distribution
Jump to the score distribution portion of the page
Score
0/80
Timer
11:00
0
Plays Today
% Correct
Crazy In Love
90.3%
Telephone
86.3%
Baby Boy
84.2%
Beautiful Liar
83.2%
Single Ladies (Put A Ring On It)
82.6%
Halo
79.9%
Drunk In Love
78.9%
Run The World (Girls)
77.5%
Check On It
77.2%
Love On Top
77.2%
'03 Bonnie & Clyde
77.1%
Irreplaceable
75.5%
Best Thing I Never Had
73.8%
Countdown
73.5%
Upgrade U
73.3%
Déjà Vu
73.2%
Formation
71.8%
Hold Up
71.8%
Flawless
71.5%
APE****
71%
Me, Myself And I
70.8%
Feeling Myself
70.2%
XO
69.8%
Sorry
69.8%
Pretty Hurts
69.5%
Diva
68.8%
Kitty Kat
68.7%
Work It Out
68.5%
Blow
67.9%
Naughty Girl
67.8%
Ring The Alarm
67.4%
Video Phone
66.8%
Haunted
66.4%
Mine
65.6%
Blue
65.6%
Partition
65.4%
If I Were A Boy
65.1%
Why Don't You Love Me
64.8%
Flawless (Remix)
64.1%
Sweet Dreams
64.1%
% Correct
Freakum Dress
63.4%
Party
61.7%
Ego
61.1%
1+1
61.1%
Dance for You
61.1%
Spirit + Bigger
58%
Get Me Bodied
57.7%
Yoncé
57.3%
All Night
57%
Broken-Hearted Girl
56.4%
Brown Skin Girl
55.7%
Grown Woman
54.2%
Runnin' (Lose It All)
54.2%
Sandcastles
53.4%
Green Light
53%
7 11
52.3%
Jealous
51.9%
Superpower
51.9%
Listen (Performance Version)
50.3%
Hymn for the Weekend
49.6%
Heaven
48.1%
No Angel
47.3%
Suga Mama
46.6%
Rocket
46.6%
Listen (Vogue Shoot Version)
45%
Ghost
45%
Love Drought
44.3%
Say Yes
40.5%
Flaws and All
39.7%
Mood 4 Eva
37.1%
I Was Here
36.6%
Already
34.3%
Part II (On The Run)
32.8%
Move Your Body
32.1%
Fighting Temptation
23.8%
Family Feud
22.9%
He Still Loves Me
20.6%
I Got That
19.1%
Still in Love (Kissing You)
14.5%
A Woman Like Me
12.2%
Quiz Playlist
Details
Report
Send in Message
Add To Playlist
Slideshow:
Type answers based on single images at one time
Last Updated: Jan 12, 2020
Quiz Scoreboard
CHALLENGE
Sign Up to Join the Scoreboard
Show All
Scores
Hide
Comments
May contain spoilers
Recently Published
College Basketball Coaching Resumes
by pancakes188
Sports
9m
Billboard Blitz: Fleetwood Mac
by CooCooCachoo
Music
15s
Presidents Visiting Landmarks
by Hejman
History
7m
More to Explore
Quiz From the Vault
Featured Blog Post
Where Did the Easter Bunny Come From?
hide this ad
You Might Also Like...
Tags
Song Quiz
Beyonce
Beyonce Songs
Music Videos
Single
Slideshow
Today's Top Quizzes in Music
Browse Music
hide this ad
Today's Top Quizzes in Song
Browse Song
Top Contributed Quizzes in Music
1
Taylor Swift All Songs (2024)
2
7-to-1: Billboard Hot 100 #1 Hits of 2010s
3
Guess the Artist- 70s Songs
4
Sorting Albums and Songs
5
Taylor Swift Logic Puzzle
6
KPOP LOGIC QUIZ
7
Guess the Taylor Swift song (Mystery Song)
8
2010s Album by Cover III
9
One Thing in Common: Music
10
Guess The Taylor Swift Lyrics Song #1
Explore More
Trending Topics
Disney
Harry Potter
Anime
Crossword
Kpop
Marvel
NBA
Country
Song
Soccer
Pokémon
Puzzle
WWE
NFL
The Office
hide this ad
More By:
hopalcirace
Quiz
Plays
Rating
Category
Featured
Created
Female Singers #1 Songs
17,873
4.31
Music
Jan 11, 2017
Guess The Song: Little Mix
9,690
4.00
Music
Jan 1, 2017
Little Mix Songs By Letter
6,796
3.67
Music
Aug 10, 2017
The Ultimate Little Mix Quiz
5,428
2.33
Music
Mar 11, 2017
Little Mix: Who Sang It?
4,687
5.00
Music
Apr 21, 2017
Go to Creator's Profile
Score Distribution
Quiz Creator Spotlight
hopalcirace
Follow
Send a Message
Quizzes Created
-
Created Quiz Play Count
-
More By This Creator
Popular Quizzes Today
1
Find the US States - No Outlines Minefield
2
Find the Countries of Europe - No Outlines Minefield
3
The Countries of the World
4
Find the US States
5
Risky Map Clicking: Biggest States A-Z
6
US States
7
Popular People in 1961
8
Movies - When Are They Set?
More Music Quizzes
K-pop Typing Challenge: IG Handle
Quiz Lab
Trending Quizzes
Risky Map Clicking: Least Populous States A-Z
1-10 Letter G Words
1-10 Letter F Words
Risky Map Clicking: Next State Alphabetically
Risky Map Clicking: Biggest States A-Z
Recently Updated
Leaping Animals
pecheneg
Reality TV Shows (A-Z)
bhenderson79
Rickey Henderson's Hall of Fame Teammates
pecheneg
Champions League XIs: Arsenal
pecheneg
Quick Pick: Celebrities in WWE's Hall of Fame
aduchscher
A-Z Keypad Blitz II
pecheneg
Multiple Oscar Actors
pecheneg
Mystery Phrase Blitz: Oscar 'Best Actors'
pecheneg
F. Scott Fitzgerald Novels
LTH
Pick 3 Villains
ddd62291
Trending Topics
Marvel
Anime
NBA
Disney
Crossword
Harry Potter
Kpop
Country
Puzzle
Soccer
Song
WWE
Pokémon
NFL
The Office
Your Account Isn't Verified!
In order to create a playlist on Sporcle, you need to verify the email address you used during registration. Go to your
Sporcle Settings
to finish the process.
Report this User
Report this user for behavior that violates our
Community Guidelines
.
Details:
Send Report
Go to the Sporcle.com Mobile Site →
Comments